El pensamiento vivo de Sandino

Bibliographic Details
Main Author: Sandino, Augusto César
Format: Section = Libro
Language:Undetermined
Spanish
Published: San José, Costa Rica EDUCA 1980
Edition:5a.ed.
Subjects:
LEADER 00565nam a2200193Ia 4500
008 240829s9999 xx 000 0 und d
040 |a BIBLIOTECA-RUPAP 324.22 S217 
041 |a spa 
082 |a 324.22 S217 
100 1 |a Sandino, Augusto César 
245 1 0 |a El pensamiento vivo de Sandino 
250 |a 5a.ed. 
260 |a San José, Costa Rica  |b EDUCA  |c 1980 
300 |a 342 p. :il. 
650 7 |a CIENCIAS POLITICAS 
650 7 |b  SANDINO, AUGUSTO CESAR RELATOS PERSONALES. I. Ramírez, Sergio, coaut. II. Tít. 
942 |c BK  |2 ddc 
991 |a TEXTO 
999 |c 7234